书目信息 |
| 题名: |
文艺美学论
|
|
| 作者: | 胡经之 著 | |
| 分册: | ||
| 出版信息: | 武汉 华中师范大学出版社 2000 |
|
| 页数: | 10,283页 | |
| 开本: | 20cm | |
| 丛书名: | 新时期文艺学建设丛书 | |
| 单 册: | ||
| 中图分类: | I01-53 , I01 | |
| 科图分类: | ||
| 主题词: | 文艺美学--文集 | |
| 电子资源: | ||
| ISBN: | 7-5622-2099-9 | |
| 000 | 01012oam2 2200277 450 | |
| 001 | 1554243848 | |
| 005 | 20150118150428.20 | |
| 010 | @a7-5622-2099-9@dCNY16.00 | |
| 100 | @a20010706d2000 em y0chiy0110 ea | |
| 101 | 0 | @achi@eeng |
| 102 | @aCN@b420000 | |
| 105 | @aa z 000yy | |
| 200 | 1 | @a文艺美学论@9wen yi mei xue lun@f胡经之著 |
| 210 | @a武汉@c华中师范大学出版社@d2000 | |
| 215 | @a10,283页@c彩照@d20cm | |
| 225 | 2 | @a新时期文艺学建设丛书@h第一辑 |
| 314 | @a胡经之(1933~),生于无锡,苏州人,北京大学文艺美学研究会长,中国文艺理论学会副会长、深圳市作家协会主席。著有《文艺美学论》等。 | |
| 330 | @a本书论述了文艺美学何为、艺术的审美价值、论艺术形象、艺术掌握世界的方式、美学亦应解“红学”、文艺学方法的多样和统一等内容。 | |
| 461 | 0 | @12001 @a新时期文艺学建设丛书 |
| 462 | 0 | @12001@a新时期文艺学建设丛书@h第一辑 |
| 606 | 0 | @a文艺美学@j文集 |
| 690 | @aI01-53@v5 | |
| 690 | @aI01@v4 | |
| 701 | 0 | @a胡经之@9hu jing zhi@f(1933~)@4著 |
| 801 | 0 | @aCN@bTSSF@c20150118 |
| 905 | @aZUCC@dI01@eJY3 | |
| 文艺美学论/胡经之著.-武汉:华中师范大学出版社,2000 |
| 10,283页:彩照;20cm.-(新时期文艺学建设丛书.第一辑) |
| ISBN 7-5622-2099-9:CNY16.00 |
| 本书论述了文艺美学何为、艺术的审美价值、论艺术形象、艺术掌握世界的方式、美学亦应解“红学”、文艺学方法的多样和统一等内容。 |
| ● |
| 相关链接 |
|
|
|
|
正题名:文艺美学论
索取号:I01/JY3
 
预约/预借
| 序号 | 登录号 | 条形码 | 馆藏地/架位号 | 状态 | 备注 |
| 1 | 7849153 | 278491534 | 学院路分馆/ [索取号:I01/JY3] | 在馆 |